00872nam a2200193 a 450000100100000000500170001000800410002704000250006808200160009310000710010924000230018024500880020326000420029130000210033359000750035470000450042995201870047499900170066100003501620240301105022.0111024s1952 ag 000 0 spa d aDO-SdBNPbspacBNPHU axxxxbD677c1 a Herrera R., Rafael Darío,d1955-q (Herrera Rodríguez), 930601aChrist in concrete13aEl cristo del cemento. /cPietro di Donato; traducción Josefina Martinez Alinari. aBuenos Aires, :bSiglo veinte,c1952. a249 p. ;c18 cm. aPerteneció a la biblioteca personal de Juan Isidro Jimenes Grullón1 aMartinez Alinari, Josefinaetrad.947198 001050718MOaGRbGRcCTd2011-10-24iLF1l0oxxxx D677cp35016-10r2020-06-25w2020-06-25y1zPerteneció a la biblioteca personal de Juan Isidro Jimenes Grullón.ZNo se presta c34507d34507